Integral Calculus : (Record no. 596)

000 -LEADER
fixed length control field 00687nam a2200229 a 4500
008 - FIXED-LENGTH DATA ELEMENTS--GENERAL INFORMATION
fixed length control field 190924r19422010ii ||||g |||| 00| 0 eng d
020 ## - INTERNATIONAL STANDARD BOOK NUMBER
International Standard Book Number 9788121906814
Terms of availability Rs. 225.00
040 ## - CATALOGING SOURCE
Original cataloging agency IMU Kochi Library
Language of cataloging eng
041 0# - LANGUAGE CODE
Language code of text/sound track or separate title eng
044 ## - COUNTRY OF PUBLISHING/PRODUCING ENTITY CODE
MARC country code India
082 04 - DEWEY DECIMAL CLASSIFICATION NUMBER
Edition number 23
Classification number 515.43
Item number N1646
100 1# - MAIN ENTRY--PERSONAL NAME
Personal name Narayan, Shanti
245 10 - TITLE STATEMENT
Title Integral Calculus :
Sub Title For B.A. & B.Sc. Students /
260 ## - PUBLICATION, DISTRIBUTION, ETC. (IMPRINT)
Place of publication, distribution, etc New Delhi :
Name of publisher, distributor, etc S. Chand & Company Ltd,
Date of publication, distribution, etc 1942, reprint 2010
300 ## - PHYSICAL DESCRIPTION
Extent 708 p. ;
Dimensions 23 cm.
650 #0 - SUBJECT ADDED ENTRY--TOPICAL TERM
Topical term or geographic name as entry element Calculus
General subdivision Calculus, Integral
Form subdivision Textbooks
650 #0 - SUBJECT ADDED ENTRY--TOPICAL TERM
Topical term or geographic name as entry element Calculus
General subdivision Differential equations
Form subdivision Textbooks
700 1# - ADDED ENTRY--PERSONAL NAME
Personal name Mittal, P. K.
Relator term Joint Author
852 ## - LOCATION/CALL NUMBER
Location IMU Kochi Library
904 ## - LOCAL DATA ELEMENT D, LDD (RLIN)
CATALOGER Shine Joy
942 ## - ADDED ENTRY ELEMENTS (KOHA)
Item type Books
Holdings
Withdrawn status Lost status Source of classification or shelving scheme Damaged status Not for loan Collection code Permanent location Current location Shelving location Date acquired Source of acquisition Cost, normal purchase price Full call number Barcode Date last seen Koha item type Public note Total Checkouts Date last borrowed
          Mathematics IMU Kochi Library IMU Kochi Library General Stacks 2010-10-26 EPD (Inv. No. IN117 Dt 2010-10-26) 225.00 515.43 N1646 BK000116 2019-09-24 Books Gen. Shelf-8, Row-1    
          Mathematics IMU Kochi Library IMU Kochi Library General Stacks 2010-10-26 EPD (Inv. No. IN117 Dt 2010-10-26) 225.00 515.43 N1646 BK000117 2019-12-04 Books Gen. Shelf-8, Row-1 1 2019-12-04


Copyright © All Rights Reserved by Indian Maritime University, Kochi Campus.
For any Suggestions/Query Contact to library or Email: library.kochi@imu.ac.in Ph:(0484)-2989402
(Web OPAC Designed by Rudra Ranjan. Maintained by IMU Kochi Library)

Powered by Koha